| 000 | 00429nam a2200145Ia 4500 | ||
|---|---|---|---|
| 008 | 230917s9999||||xx |||||||||||||| ||und|| | ||
| 040 |
_e164536 _aMAIN |
||
| 041 | _aEnglish | ||
| 082 | _a891.433721 AD14B | ||
| 100 | _aअटल, देवदत्त | ||
| 245 | 0 | _aभगीरथ की बेटी | |
| 260 |
_aनई दिल्ली _bआर्य बुक डिपो _c1986 |
||
| 300 | _a122पृ. p. | ||
| 942 | _cHN | ||
| 999 |
_c49521 _d49521 |
||